000 02147nam0a2200373 4500
001 RU\NLR\bibl\1462482
005 20260407131741.0
010 _a5-900270-43-2
_9500
021 _aRU
_b2009-93601
_95925
035 _a(NLR Aleph) 001454230
090 _a1542363
_c1542363
100 _a20100119d2009 |||y0rusy50 ca
101 0 _arus
102 _aRU
105 _aa |||||||||
200 1 _aИсторико-культурное наследие Воронежа
_eматериалы Свода памятников истории и культуры Российской Федерации
_fМ-во культуры Рос. Федерации, Рос. ин-т культурологии, Гос. инспекция охраны ист.-культур. наследия Воронеж. обл.
_g[науч. ред.: к. архитектуры Е.Н. Чернявская, Т.С. Старцева]
210 _aВоронеж
_cЦентр духовного возрождения Черноземного края
_d2009
215 _a574, [1] с.
_cил.
_d25
320 _aБиблиогр. в конце ст.
320 _aПредм. указ.: с. 520-533
320 _aТипол. указ. архитектур. сооружений и комплексов: с. 534-543
320 _aПредм. указ.: учреждения, предприятия, мемориальные дома: с. 544-552
517 0 _aСвод памятников истории и культуры Российской Федерации
606 1 _aПамятники истории и культуры
_yВоронеж, город
_92215730
_3RU\NLR\auth\661330777
686 _aТ3(2Р-4Вр-2Вор)л60
702 1 _aЧернявская
_bЕ. Н.
_4340
712 0 2 _4570
_aРоссийский институт культурологии
_9471000
_3RU\NLR\AUTH\889987690
801 0 _aRU
_bNLR
_c20100119
_gRCR
801 1 _aRU
_bNLR
_c20100119
942 _cBOOK
980 _aNB
980 _aNBR